| 000 | 00489nam a2200169Ia 4500 | ||
|---|---|---|---|
| 999 |
_c26323 _d26323 |
||
| 003 | OSt | ||
| 005 | 20201215160412.0 | ||
| 008 | 190216s9999||||xx |||||||||||||| ||und|| | ||
| 040 | _coclc | ||
| 082 |
_a894.8124 _bMAR/C |
||
| 100 |
_aMarar, Kuttikrishna _97066 |
||
| 245 | 0 |
_aCharchayogam / _cKuttikrishna Marar |
|
| 260 |
_bMarar Sahithya Prakasam, _aKottayam: _c1987. |
||
| 300 | _a123p | ||
| 650 | _aPadanam | ||
| 942 |
_cBK _2ddc _h894.8124 _iMAR/C _k894.8124 _mMAR/C |
||